Análisis del desempeño ambiental y político de Costa Rica: seminario de realidad nacional: tercer módulo (Registro nro. 8258)
[ vista simple ]
| 000 -Cabecera | |
|---|---|
| Campo de control de longitud fija | 00956nam a22003257a 4500 |
| 005 - Fecha y hora de la última transacción | |
| Campo de control | 20250729163106.0 |
| 008 - Elementos de longitud fija--Información general | |
| Campo de control de longitud fija | 160607b xxu||||| |||| 00| 0 spa d |
| 020 ## - International Standard Book Number | |
| Número Internacional Estándar del Libro (ISBN) | 9789968315364 |
| 041 ## - Idioma | |
| Código de idioma | Español |
| 082 ## - Clasificación Decimal Dewey | |
| Número de clasificación | 333.72 L789a |
| 100 ## - Entrada principal--Autor personal | |
| Nombre personal | Lizana Ibáñez, Fernando |
| 9 (RLIN) | 54344 |
| 245 ## - Título propiamente dicho | |
| Título | Análisis del desempeño ambiental y político de Costa Rica: seminario de realidad nacional: tercer módulo |
| 260 ## - Pie de imprenta | |
| Lugar de publicación, distribución, etc. | Costa Rica |
| Nombre del editor, distribuidor, etc. | EUNED |
| Fecha de publicación, distribución, etc. | 2007 |
| 300 ## - Descripción física | |
| Extensión | 148 páginas |
| 490 ## - Serie | |
| Título de la Serie | Turismo |
| 650 ## - Materia general | |
| Temática (materia general) | COSTA RICA |
| 650 ## - Materia general | |
| Temática (materia general) | DESARROLLO HUMANO SOSTENIBLE |
| 650 ## - Materia general | |
| Temática (materia general) | PROTECCIÓN DEL MEDIO AMBIENTE |
| 650 ## - Materia general | |
| Temática (materia general) | ANÁLISIS AMBIENTAL |
| 650 ## - Materia general | |
| Temática (materia general) | POLÍTICA AMBIENTAL |
| 650 ## - Materia general | |
| Temática (materia general) | PATRIMONIO CULTURAL |
| 650 ## - Materia general | |
| Temática (materia general) | RECURSOS MARINOS |
| 650 ## - Materia general | |
| Temática (materia general) | SUELO |
| 650 ## - Materia general | |
| Temática (materia general) | AGUA |
| 650 ## - Materia general | |
| Temática (materia general) | CONTAMINACIÓN AMBIENTAL |
| 650 ## - Materia general | |
| Temática (materia general) | DESECHOS SÓLIDOS |
| 650 ## - Materia general | |
| Temática (materia general) | ANÁLISIS POLÍTICO |
| 650 ## - Materia general | |
| Temática (materia general) | REFORMA DEL ESTADO |
| 942 ## - Punto de acceso adicional KOHA | |
| Tipo de ítem KOHA | Libro |
| Fuente del sistema de clasificación o colocación | Dewey Decimal Classification |
| Signatura completa | Código de barras | Programa Académico | Tipo de ítem |
|---|---|---|---|
| 333.72 L789a | 21301 | Turismo | Libro |